000 00565nam a2200181Ia 4500
003 GCL
008 140319s9999 xx 000 0 ara d
040 _aGCL /
_cGCL
082 0 4 _a314.75
_bا ن
100 1 _aاحمد عبدالحميد عشوش
245 1 0 _aالنظام القانونى لعقد القرض الدولى /
_cاحمد عبدالحميد عشوش
260 _a[S.N] :
_bمؤسسة شباب الجامعة ،
_c1990
300 _a320 ص
490 _a
650 0 4 _aالقانون
650 0 4 _aالقانون الدولى
942 _2ddc
_cBK
999 _c29392
_d29392